ARRUPE JESUIT UNIVERSITY

CORONAVIRUS -STOP THE SPREAD - CLEAN,DISINFECT,COVER

African art and Oceanic art; (Record no. 127392)

MARC details
000 -LEADER
fixed length control field 01070cam a2200337 4500
001 - CONTROL NUMBER
control field 2190282
003 - CONTROL NUMBER IDENTIFIER
control field ARRUPE
005 - DATE AND TIME OF LATEST TRANSACTION
control field 20180116091038.0
008 - FIXED-LENGTH DATA ELEMENTS--GENERAL INFORMATION
fixed length control field 730226s1972 enka b 001 0 eng
010 ## - LIBRARY OF CONGRESS CONTROL NUMBER
LC control number 72172111
015 ## - NATIONAL BIBLIOGRAPHY NUMBER
National bibliography number B72-27975
020 ## - INTERNATIONAL STANDARD BOOK NUMBER
International Standard Book Number 070640064X
040 ## - CATALOGING SOURCE
Original cataloging agency DLC
Transcribing agency DLC
Modifying agency DLC
041 1# - LANGUAGE CODE
Language code of text/sound track or separate title engita
043 ## - GEOGRAPHIC AREA CODE
Geographic area code f------
-- po-----
050 00 - LIBRARY OF CONGRESS CALL NUMBER
Classification number N7380
Item number .A7813
082 00 - DEWEY DECIMAL CLASSIFICATION NUMBER
Classification number 732/.2/0967
300 ## - PHYSICAL DESCRIPTION
Dimensions 20 cm.
245 00 - TITLE STATEMENT
Title African art and Oceanic art;
Statement of responsibility, etc general editor Francesco Abbate; [translated from the Italian]
260 ## - PUBLICATION, DISTRIBUTION, ETC. (IMPRINT)
Place of publication, distribution, etc London,
-- New York,
Name of publisher, distributor, etc Octopus Books,
Date of publication, distribution, etc 1972.
300 ## - PHYSICAL DESCRIPTION
Extent 158 p.
350 ## - PRICE (NR) (BK AM CF MU VM SE) [OBSOLETE]
Price £0.99
500 ## - GENERAL NOTE
General note Translation of Arte dell'Africa e dell'Oceania.
504 ## - BIBLIOGRAPHY, ETC. NOTE
Bibliography, etc Bibliography: p. 154.
650 #0 - SUBJECT ADDED ENTRY--TOPICAL TERM
Topical term or geographic name as entry element Art, Primitive
Geographic subdivision Africa
9 (RLIN) 38475
650 #0 - SUBJECT ADDED ENTRY--TOPICAL TERM
Topical term or geographic name as entry element Art, Primitive
Geographic subdivision Oceanica.
9 (RLIN) 38476
650 #0 - SUBJECT ADDED ENTRY--TOPICAL TERM
Topical term or geographic name as entry element Art
Geographic subdivision Africa.
9 (RLIN) 38477
650 #0 - SUBJECT ADDED ENTRY--TOPICAL TERM
Topical term or geographic name as entry element Art
Geographic subdivision Oceanica.
9 (RLIN) 38478
700 1# - ADDED ENTRY--PERSONAL NAME
Personal name Abbate, Francesco,
Relator term ed.
9 (RLIN) 38479
906 ## - LOCAL DATA ELEMENT F, LDF (RLIN)
a 7
b cbc
c orignew
d 3
e ncip
f 19
g y-gencatlg
942 ## - ADDED ENTRY ELEMENTS (KOHA)
Source of classification or shelving scheme Library of Congress Classification
Koha item type Monograph ( Printed materials)
Holdings
Withdrawn status Lost status Source of classification or shelving scheme Damaged status Not for loan Collection code Home library Current library Shelving location Date acquired Total Checkouts Full call number Barcode Date last seen Price effective from Koha item type
    Library of Congress Classification     Main Collection ARRUPE LIBRARY ARRUPE LIBRARY Main Collection 16/01/2018   N7380 .A7813 46600001187 03/07/2018 16/01/2018 Monograph ( Printed materials)

 

Arrupe Library. PO Box MP320 Mt Pleasant, Harare, Zimbabwe
263 242 745411|librarian@aju.ac.zw